Quistes hidatídicos del pulmón (Record no. 49105)

MARC details
000 -LEADER
campo de control de longitud fija 00522nam a2200157 i 4500
001 - NÚMERO DE CONTROL
campo de control 49105
003 - IDENTIFICADOR DE NÚMERO DE CONTROL
campo de control ES-MaACL
005 - FECHA Y HORA DE LA ÚLTIMA TRANSACCIÓN
campo de control 20230906161903.0
007 - CAMPO FIJO DE DESCRIPCIÓN FÍSICA--INFORMACIÓN GENERAL
campo de control de longitud fija t|
008 - DATOS DE LONGITUD FIJA--INFORMACIÓN GENERAL
campo de control de longitud fija 030708s1940 ag ||||1| spa d
100 1# - ENTRADA PRINCIPAL--NOMBRE DE PERSONA
Nombre de persona Correa Iturraspe, Miguel.
9 (RLIN) 40754
245 10 - MENCIÓN DEL TÍTULO
Título Quistes hidatídicos del pulmón
Resto del título : membrana /
Mención de responsabilidad, etc. Miguel Correa Iturraspe.
260 ## - PUBLICACIÓN, DISTRIBUCIÓN, ETC.
Lugar de publicación, distribución, etc. Buenos Aires :
Nombre del editor, distribuidor, etc. "El Ateneo",
Fecha de publicación, distribución, etc. 1940 (
Fabricante Talls. Gráfs. Sebastián de Amorrortu e Hijos)
300 ## - DESCRIPCIÓN FÍSICA
Extensión 55 p. :
Otras características físicas il. ;
Dimensiones 27 cm.
852 ## - LOCALIZACIÓN
Ubicación ES-MaACL
Número de control de estantería 1848-F-14
Sublocalización o colección R.21309
Holdings
Estatus retirado Estado de pérdida Estado de daño No para préstamo Colección Biblioteca de origen Biblioteca actual Ubicación en estantería Fecha de adquisición Fuente de adquisición Total de préstamos Signatura topográfica completa Código de barras Visto por última vez Precio de reemplazo Tipo de ítem Koha
        Colección de folletos Biblioteca del Ateneo de Madrid Biblioteca del Ateneo de Madrid Depósito folletos 17/01/2008     1848-F-14 1051677 23/02/2023 23/02/2023 Folleto